=LDR 00000nam 2200000 4500 =001 INLIS000000000007976 =005 20260204093844 =035 ##$$a 0010-0226000124 =007 ta =008 260204################g##########|#ind## =082 ##$$a 301.16 =245 1#$$a Modul : $b Pembekalan Guru SMP dalam Pengintegrasian Pendidikan Kependudukan Tahun 2015 =260 ##$$a Jakarta :$b Direktorat Kerjasama Pendidikan Kependudukan, BKKBN,$c 2015 =300 ##$$a V, 124 hlm : $b Terdapat gambar dan tabel ; $c 20,8 x 14,8 cm =856 ##$$a Perpustakaan UPT Balai Diklat KKB Ambarawa =084 ##$$a 301.16 YAN m =020 ##$$a 978-602-1564-57-8 =100 ##$$a Yanto Surya Hadianto =250 ##$$a Cetakan Pertama =700 #$$a Dr. Wendy Hartanto MA =700 #$$a Paulina Johana, S =700 #$$a Nasib Purnawarman =700 #$$a Heru